| 000 | 00923nam a22003377a 4500 | ||
|---|---|---|---|
| 001 | 000009230 | ||
| 003 | CHAP | ||
| 005 | 20220329133648.0 | ||
| 008 | 971013s1991 ii r 000 0 eng d | ||
| 010 | _a9170 | ||
| 011 | _a10142 | ||
| 035 | _a9379 | ||
| 040 | _cCHAP | ||
| 082 | 0 | 4 |
_a634 _bT28 |
| 245 | 0 | 0 | _aTemperate fruits. |
| 260 |
_aCalcutta : _bHorticulture and Allied, _c1991. |
||
| 300 | _a767 p. | ||
| 590 |
_aBATCH-UPD _b10 _c20130110 _lUCH01 _h0042 |
||
| 590 |
_aBATCH-UPD _b10 _c20130110 _lUCH01 _h1054 |
||
| 590 |
_aCONVERSION _b10 _c20130109 _lUCH01 _h1306 |
||
| 590 |
_aE11695DGD _b10 _c20150728 _lUCH01 _h0934 |
||
| 590 |
_aE5765TAJ _b05 _c20150611 _lUCH01 _h0925 |
||
| 650 | 1 | 4 |
_aFruta. _943590 |
| 650 | 1 | 4 |
_aFruticultura. _943684 |
| 700 | 0 |
_aBose, T. K. _eed. _913978 |
|
| 700 | 0 |
_aMitra, Sanjit Kumar _eed. _976252 |
|
| 700 | 0 |
_aRathore, D. S. _eed. _994741 |
|
| 901 | _aBK | ||
| 942 | _cLIBRO | ||
| 942 | _n0 | ||
| 999 |
_c9170 _d9170 |
||